00564nam a22001577a 450000500170000001000150001702000260003203500140005803700130007208200110008510000220009624501280011826000790024627000560032530000250038120170802144215.0 aENG-119514 c400.00a9788184654462 aEN-103046 bDBAD/PUB a280.21 aRupwate,Daniel D. aThe good news of the Bible :cby Daniel D. Rupwatebtwenty-seven textual sermons on the gospel of and about Jesus Christ / aDelhibThe Indian Society for Promoting Christian Knowlewdge(ISPCK))c2014 a1585,1654 Madarsa Road Kashmere GatebDelhie110006 axii,324p.c24cm(pbk)